000 00250nam a2200097Ia 4500
008 220204s9999 xx 000 0 und d
082 _a035
_bIND
245 0 _aTransfer of the collector of Maysyapura: A case study
260 _aDelhi
_bIIPA
942 _cBK
999 _c22098
_d22098